THEORY AND PROBLEMS OF PLANE AND SPHERICAL TRIGNOMETRY INCLUDING 680 SOLVED PROBLEMS (Record no. 583857)
[ view plain ]
| 000 -LEADER | |
|---|---|
| fixed length control field | 00370nam a22001337a 4500 |
| 020 ## - INTERNATIONAL STANDARD BOOK NUMBER | |
| International Standard Book Number | 07-002651-3 |
| 082 ## - DEWEY DECIMAL CLASSIFICATION NUMBER | |
| Classification number | 516.24 AYR'T |
| 100 ## - MAIN ENTRY--PERSONAL NAME | |
| Personal name | AYRSES, FRANK |
| 9 (RLIN) | 78776 |
| 245 ## - TITLE STATEMENT | |
| Title | THEORY AND PROBLEMS OF PLANE AND SPHERICAL TRIGNOMETRY INCLUDING 680 SOLVED PROBLEMS |
| 260 ## - PUBLICATION, DISTRIBUTION, ETC. | |
| Place of publication, distribution, etc. | NEWYORK |
| Name of publisher, distributor, etc. | MCGRAW HILL |
| Date of publication, distribution, etc. | 1954 |
| 300 ## - PHYSICAL DESCRIPTION | |
| Extent | 207P |
| 650 ## - SUBJECT ADDED ENTRY--TOPICAL TERM | |
| Topical term or geographic name entry element | TRIGNOMETRY |
| 9 (RLIN) | 78777 |
| 942 ## - ADDED ENTRY ELEMENTS (KOHA) | |
| Koha item type | Book |
| Withdrawn status | Lost status | Damaged status | Not for loan | Permanent Location | Current Location | Shelving location | Date acquired | Total Checkouts | Full call number | Barcode | Date last seen | Price effective from | Koha item type |
|---|---|---|---|---|---|---|---|---|---|---|---|---|---|
| College of Electrical & Mechanical Engineering (CEME) | College of Electrical & Mechanical Engineering (CEME) | General Stacks | 06/20/2017 | 516.24 AYR'T | CEME-7978 | 06/28/2021 | 06/28/2021 | Book |
